MARC

LEADER 00000nam0a2200000 4500
001 290026
005 20231102000238.0
010 |a 9785438702894 
035 |a (RuTPU)RU\TPU\book\314555 
090 |a 290026 
100 |a 20150403d2013 k y0engy50 ba 
101 0 |a eng 
102 |a RU 
105 |a a z 101zy 
200 1 |a RREPS-13. Radiation from Relativistic Electrons in Periodic Structures  |e X International Symposium, September 23-28, 2013, Lake Sevan, Armenia 
210 |a Tomsk  |c TPU Publishing House  |d 2013 
215 |a 151 p.  |c il. 
320 |a Bibliography at the end of articles. 
423 |t Meghri-13 Electron, Positron, Neutron and X-ray Scattering under External Influences  |o III International Conference, September 23-28, 2013, Lake Sevan, Armenia 
606 1 |a Электронные пучки, сильноточные, релятивистские  |x (физика плазмы)  |2 stltpush  |3 (RuTPU)RU\TPU\subj\20516  |9 45616 
606 1 |a Элементарные частицы  |x Рассеяние  |2 stltpush  |3 (RuTPU)RU\TPU\subj\21110  |9 46150 
610 1 |a физика 
610 1 |a ядерная физика 
610 1 |a периодические структуры 
610 1 |a излучение 
610 1 |a релятивистские заряженные частицы 
610 1 |a электроны 
610 1 |a позитроны 
610 1 |a рентгеновское рассеяние 
610 1 |a внешние факторы 
610 1 |a влияние 
610 1 |a конференции 
610 1 |a Армения 
675 |a 533.9(063)  |v 3 
675 |a 539.171.12/.6(063)  |v 3 
712 1 2 |a RREPS-13. Radiation from Relativistic Electrons in Periodic Structures  |c International Symposium  |d 10  |e Lake Sevan, Armenia  |f 2013 
712 1 2 |a Meghri-13 Electron, Positron, Neutron and X-ray Scattering under External Influences  |c International Conference  |d 3  |e Lake Sevan, Armenia  |f 2013 
801 1 |a RU  |b 63413507  |c 20150403 
801 2 |a RU  |b 63413507  |c 20150410  |g RCR 
942 |c BK